Psychologická segmentace a její uplatnění v praxi
Segmentácia spotrebiteľov podľa Woodsovej typológie nákupného spávania. Woodsova klasifikácia produktov podľa psychologického významu pre spotrebiteľa. Metódy, ktoré psychologický výskum používa pre tvorbu typológií a segmentácie v marketingovej komunikácii. Prípadová štúdia Typológia tvárí reklamy...
Salvato in:
| Autore principale: | |
|---|---|
| Altri autori: | |
| Natura: | Capitolo di libro |
| Lingua: | ceco |
| Soggetti: | |
| Tags: |
Nessun Tag, puoi essere il primo ad aggiungerne!!
|
MARC
| LEADER | 00000naa$a2200000$$$4500 | ||
|---|---|---|---|
| 001 | 0051713 | ||
| 005 | 20231018130031.4 | ||
| 041 | 0 | |a cze | |
| 044 | |a CZ | ||
| 245 | 1 | 0 | |a Psychologická segmentace a její uplatnění v praxi |c Jitka Vysekalová, Jan Herzmann |
| 520 | |a Segmentácia spotrebiteľov podľa Woodsovej typológie nákupného spávania. Woodsova klasifikácia produktov podľa psychologického významu pre spotrebiteľa. Metódy, ktoré psychologický výskum používa pre tvorbu typológií a segmentácie v marketingovej komunikácii. Prípadová štúdia Typológia tvárí reklamy L´Oréal. | ||
| 610 | 2 | 0 | |a marketing |
| 610 | 2 | 0 | |a komunikácia marketingová |
| 610 | 2 | 0 | |a spotrebitelia |
| 610 | 2 | 0 | |a produkty |
| 610 | 2 | 0 | |a typológia |
| 610 | 2 | 0 | |a psychológia |
| 610 | 2 | 0 | |a správanie spotrebiteľa |
| 610 | 2 | 0 | |a výskum |
| 610 | 2 | 0 | |a kozmetika |
| 100 | 1 | |a Vysekalová, Jitka | |
| 700 | 1 | |a Herzmann, Jan | |